Nouveau missel des dimanches 1974 (Record no. 447195)

000 -CABECERA
Campo de control de longitud fija 00554nam a2200181 b 4500
001 - NÚMERO DE CONTROL
Campo de control 25731
003 - IDENTIFICADOR DEL NÚMERO DE CONTROL
Campo de control ES-SlBC
005 - FECHA Y HORA DE LA ÚLTIMA TRANSACCIÓN
Campo de control 20210327223948.0
008 - CÓDIGOS DE INFORMACIÓN DE LONGITUD FIJA
Campo de control de longitud fija 040416s1972 fra e 000 0 fre d
040 ## - FUENTE DE LA CATALOGACIÓN
Centro catalogador del origen UPCO
Centro modificador ES-SlBC
110 ## - PUNTO DE ACCESO PRINCIPAL-NOMBRE DE ENTIDAD CORPORATIVA
Nombre de entidad corporativa o nombre de jurisdicción como elemento inicial Iglesia Católica
9 (RLIN) 1889
240 ## - TÍTULO UNIFORME
Título uniforme <a href="[Missale festivum]">[Missale festivum]</a>
245 00 - MENCIÓN DE TÍTULO
Título Nouveau missel des dimanches 1974
Resto del título : année liturgique du 2 decembre 1973 au 30 novembre 1974, année C
260 ## - PUBLICACIÓN, DISTRIBUCIÓN, ETC... (PIE DE IMPRENTA)
Lugar de publicación, distribución, etc. Paris :
Nombre del editor, distribuidor, etc. Liturgique collective
Fecha de publicación, distribución, etc. , 1973
300 ## - DESCRIPCIÓN FÍSICA
Extensión 477 p. ;
Dimensiones 17 cm
650 ## - PUNTO DE ACCESO ADICIONAL DE MATERIA-TÉRMINO DE MATERIA
Término de materia o nombre geográfico como elemento inicial Devocionarios
9 (RLIN) 87686
942 ## - ENTRADA DE ELEMENTOS AGREGADOS (KOHA)
Fuente de clasificaión o esquema
Koha [por defecto] tipo de item Libros
Holdings
Suprimido Perdido Fuente de clasificación o esquema Estropeado No para préstamo Localización permanente Localización actual Localización en estantería Fecha adquisición Préstamos totales Signatura completa Número de Registro / Código de Barras Fecha última consulta Fecha del precio de reemplazo Tipo de item de Koha
          San Esteban San Esteban Depósito de libros 20/09/2013   26421 NOUVE misse C 25731 20/09/2013 20/09/2013 Libros

Bibliotecas Dominicos Provincia Hispania, 2016

Con tecnología Koha